Biggest Cities in California (Extreme) - Statistics

General Stats
  • This quiz has been taken 598 times
  • The average score is 136 of 491
Answer Stats
Population City % Correct
1,386,932 San Diego
98%
3,898,747 Los Angeles
97%
873,965 San Francisco
97%
1,013,240 San Jose
94%
542,107 Fresno
92%
524,943 Sacramento
92%
346,824 Anaheim
91%
440,646 Oakland
89%
466,742 Long Beach
88%
403,455 Bakersfield
87%
314,998 Riverside
85%
307,670 Irvine
81%
222,101 San Bernardino
81%
310,227 Santa Ana
81%
320,804 Stockton
80%
88,665 Santa Barbara
78%
218,464 Modesto
74%
275,487 Chula Vista
72%
93,076 Santa Monica
72%
124,321 Berkeley
70%
139,911 Orange
70%
228,673 Santa Clarita
70%
230,504 Fremont
67%
202,063 Oxnard
67%
138,699 Pasadena
67%
178,127 Santa Rosa
66%
107,337 Burbank
64%
198,711 Huntington Beach
64%
30,218 Monterey
63%
127,647 Santa Clara
63%
196,543 Glendale
62%
174,068 Oceanside
62%
62,956 Santa Cruz
62%
44,575 Palm Springs
61%
95,740 Compton
60%
68,572 Palo Alto
60%
175,265 Ontario
59%
105,661 San Mateo
59%
109,707 Santa Maria
59%
157,136 Corona
58%
107,762 Inglewood
58%
79,246 Napa
58%
126,966 Thousand Oaks
58%
10,654 Malibu
57%
174,453 Rancho Cucamonga
57%
101,475 Chico
56%
26,512 Eureka
56%
208,393 Fontana
56%
208,634 Moreno Valley
56%
169,450 Palmdale
56%
93,611 Redding
56%
163,542 Salinas
56%
47,063 San Luis Obispo
55%
126,090 Vallejo
55%
176,124 Elk Grove
54%
162,954 Hayward
54%
151,713 Pomona
54%
147,067 Torrance
54%
173,516 Lancaster
53%
110,763 Ventura
53%
114,746 Carlsbad
52%
86,333 Merced
52%
141,384 Visalia
52%
134,810 Victorville
51%
32,701 Beverly Hills
50%
104,901 Daly City
50%
66,850 Davis
50%
151,038 Escondido
50%
143,617 Fullerton
50%
147,773 Roseville
50%
110,003 Temecula
50%
125,410 Concord
49%
116,448 Richmond
49%
84,292 Redwood City
48%
126,356 Simi Valley
48%
66,105 South San Francisco
48%
102,386 Vacaville
48%
91,403 Chino
47%
85,239 Newport Beach
47%
115,291 Antioch
46%
106,215 El Cajon
46%
89,137 Indio
46%
61,271 San Rafael
46%
155,805 Sunnyvale
46%
119,881 Fairfield
45%
109,501 West Covina
45%
38,633 Calexico
44%
114,355 Downey
44%
118,786 East Los Angeles
44%
109,450 El Monte
44%
171,949 Garden Grove
44%
93,653 Mission Viejo
43%
28,430 Walnut
43%
82,868 Alhambra
42%
120,124 Clovis
42%
87,955 Livermore
42%
93,000 Tracy
42%
70,117 Yuba City
42%
78,280 Alameda
41%
91,008 San Leandro
41%
10,739 Sonoma
41%
82,376 Mountain View
40%
110,949 Murrieta
40%
102,773 Norwalk
40%
104,026 Rialto
40%
64,293 San Clemente
40%
51,268 Covina
39%
23,032 Laguna Beach
39%
23,946 San Fernando
39%
25,415 Barstow
38%
60,381 Cupertino
38%
44,322 El Centro
38%
99,818 Hesperia
38%
51,163 Palm Desert
38%
72,740 Turlock
38%
70,143 Union City
38%
98,381 Vista
38%
70,127 Walnut Creek
38%
35,757 West Hollywood
38%
72,589 Dublin
37%
80,454 Folsom
37%
105,053 Jurupa Valley
37%
49,757 Lincoln
37%
89,833 Hemet
36%
20,263 Imperial
36%
35,506 Manhattan Beach
36%
73,168 Redlands
36%
94,833 San Marcos
36%
84,605 San Ramon
36%
68,875 Tulare
36%
82,496 Lakewood
35%
59,776 Petaluma
35%
21,330 South Lake Tahoe
35%
68,336 Yorba Linda
35%
78,411 Chino Hills
34%
10,243 Citrus
34%
111,918 Costa Mesa
34%
88,083 Hawthorne
34%
66,348 Lodi
34%
79,871 Pleasanton
34%
71,576 Redondo Beach
34%
33,559 Bell
33%
95,558 Carson
33%
62,007 Encinitas
33%
83,498 Manteca
33%
102,527 Menifee
33%
75,791 Apple Valley
32%
64,292 Brentwood
32%
87,583 Citrus Heights
32%
25,962 El Cerrito
32%
61,027 Gardena
32%
85,858 Lake Forest
32%
61,121 La Mesa
32%
80,273 Milpitas
32%
38,640 Pacifica
32%
78,700 Perris
32%
34,924 San Dimas
32%
16,729 Truckee
32%
53,915 West Sacramento
32%
87,306 Whittier
32%
23,241 Calabasas
31%
43,908 San Bruno
31%
35,196 San Juan Capistrano
31%
20,192 Coronado
30%
59,520 Gilroy
30%
66,224 Madera
30%
53,225 Novato
30%
76,416 Pittsburg
30%
79,332 Rancho Cordova
30%
53,898 San Jacinto
30%
92,726 South Gate
30%
80,276 Tustin
30%
79,040 Upland
30%
43,582 Danville
29%
61,032 Woodland
29%
13,776 Auburn
28%
53,036 Beaumont
28%
79,190 Bellflower
28%
37,266 Claremont
28%
40,779 Culver City
28%
13,332 King City
28%
64,355 Laguna Niguel
28%
70,265 Lake Elsinore
28%
21,150 Stanford
28%
52,590 Watsonville
28%
90,911 Westminster
28%
47,325 Brea
27%
84,034 Buena Park
27%
31,386 Burlingame
27%
41,941 Coachella
27%
57,047 Fountain Valley
27%
44,444 Lompoc
27%
47,529 Newark
27%
60,037 Santee
27%
56,681 Arcadia
26%
70,741 Camarillo
26%
51,493 Cathedral City
26%
51,428 Delano
26%
57,990 Hanford
26%
20,573 La Cañada Flintridge
26%
45,532 Los Banos
26%
43,357 Oakley
26%
10,747 Placerville
26%
14,710 Red Bluff
26%
39,568 San Gabriel
26%
32,127 San Pablo
26%
52,558 Glendora
25%
41,678 Hollister
25%
37,287 Martinez
25%
37,865 Montclair
25%
23,181 Oakdale
25%
30,722 San Carlos
25%
26,943 South Pasadena
25%
52,176 Aliso Viejo
24%
29,773 Atascadero
24%
50,000 Azusa
24%
17,272 El Segundo
24%
12,905 Emeryville
24%
32,690 Goleta
24%
56,999 Highland
24%
33,780 Menlo Park
24%
31,490 Paso Robles
24%
72,176 Baldwin Park
23%
28,335 Belmont
23%
27,131 Benicia
23%
43,959 Campbell
23%
79,793 Carmichael
23%
49,302 Ceres
23%
53,909 Colton
23%
50,151 Cypress
23%
55,072 Diamond Bar
23%
33,805 Foster City
23%
11,795 Half Moon Bay
23%
19,728 Hermosa Beach
23%
54,883 Huntington Park
23%
63,097 La Habra
23%
33,529 Los Gatos
23%
61,096 Monterey Park
23%
45,483 Morgan Hill
23%
53,733 Paramount
23%
62,088 Pico Rivera
23%
62,623 Porterville
23%
48,841 Poway
23%
44,390 Rohnert Park
23%
51,185 Rosemead
23%
12,513 San Marino
23%
31,051 Saratoga
23%
32,366 Seaside
23%
12,941 Solana Beach
23%
54,542 Yucaipa
23%
20,271 Albany
22%
94,659 Arden-Arcade
22%
26,416 Brawley
22%
25,391 Lafayette
22%
48,008 La Mirada
22%
37,558 La Quinta
22%
67,265 Lynwood
22%
37,931 Monrovia
22%
51,824 Placentia
22%
71,601 Rocklin
22%
25,242 Seal Beach
22%
42,846 Altadena
21%
21,837 American Canyon
21%
66,441 Castro Valley
21%
49,578 Cerritos
21%
33,107 Dana Point
21%
18,988 Dixon
21%
54,191 Hacienda Heights
21%
11,340 Healdsburg
21%
23,216 Millbrae
21%
62,640 Montebello
21%
36,284 Moorpark
21%
56,173 National City
21%
20,042 Oroville
21%
23,781 Patterson
21%
30,657 Santa Paula
21%
37,962 Stanton
21%
12,939 Tehachapi
21%
28,065 Twentynine Palms
21%
16,607 Ukiah
21%
27,047 Wasco
21%
11,323 Anderson
20%
24,339 Bloomington
20%
14,973 California City
20%
22,359 Marina
20%
15,090 Pacific Grove
20%
29,581 San Lorenzo
20%
18,441 Arroyo Grande
19%
31,970 Atwater
19%
12,378 Commerce
19%
22,339 Corcoran
19%
21,727 Duarte
19%
30,034 East Palo Alto
19%
69,757 Eastvale
19%
16,419 Fillmore
19%
61,983 Florence-Graham
19%
52,388 Florin
19%
28,701 Lathrop
19%
27,038 Lemoore
19%
25,718 North Tustin
19%
34,613 Pleasant Hill
19%
16,999 Rancho Mirage
19%
16,013 Ripon
19%
30,998 Spring Valley
19%
36,494 Temple City
19%
38,046 Adelanto
18%
29,505 Banning
18%
10,656 Delhi
18%
26,137 Imperial Beach
18%
17,644 Laguna Woods
18%
31,334 La Verne
18%
19,514 Orinda
18%
11,270 Piedmont
18%
21,954 Port Hueneme
18%
19,219 Santa Fe Springs
18%
24,674 Selma
18%
18,857 Arcata
17%
39,501 Bell Gardens
17%
18,317 Blythe
17%
10,026 Calimesa
17%
15,500 Isla Vista
17%
16,016 Kerman
17%
12,380 Kingsburg
17%
31,807 Lawndale
17%
27,627 Lemon Grove
17%
12,659 Lindsay
17%
14,172 Livingston
17%
31,625 Los Altos
17%
36,135 Oildale
17%
21,468 Ramona
17%
27,959 Ridgecrest
17%
48,231 Rowland Heights
17%
10,371 Shasta Lake
17%
15,524 El Sobrante
16%
18,937 Greenfield
16%
21,152 Lakeside
16%
24,791 Loma Linda
16%
20,921 Lomita
16%
14,161 McFarland
16%
12,351 Newman
16%
42,287 Rancho Palos Verdes
16%
13,886 Salida
16%
24,925 Soledad
16%
19,567 South El Monte
16%
22,437 Valinda
16%
15,314 Alamo
15%
16,395 Artesia
15%
13,264 Carpinteria
15%
19,039 Chowchilla
15%
11,387 Hillsborough
15%
11,780 Los Alamitos
15%
25,138 Maywood
15%
14,231 Mill Valley
15%
13,452 North Auburn
15%
19,022 Pinole
15%
25,227 Reedley
15%
20,961 Rosamond
15%
19,953 Shafter
15%
11,848 Signal Hill
15%
20,299 Agoura Hills
14%
12,738 Big Bear City
14%
12,917 Bonita
14%
22,811 Cudahy
14%
24,563 Dinuba
14%
31,374 Laguna Hills
14%
14,049 Lamont
14%
35,569 Orangevale
14%
31,970 Orcutt
14%
26,617 Sanger
14%
33,913 Westmont
14%
14,696 Alpine
13%
23,823 Ashland
13%
13,696 Avenal
13%
16,882 Bostonia
13%
11,070 Clayton
13%
22,769 East San Gabriel
13%
10,394 East Whittier
13%
10,321 Exeter
13%
32,514 Fair Oaks
13%
25,383 Galt
13%
26,016 Hercules
13%
13,064 Larkspur
13%
14,496 Lemon Hill
13%
10,757 Morro Bay
13%
18,176 Nipomo
13%
26,316 Norco
13%
13,347 Palos Verdes Estates
13%
11,447 Quartz Hill
13%
47,949 Rancho Santa Margarita
13%
11,268 Sierra Madre
13%
22,870 West Carson
13%
36,875 Wildomar
13%
26,344 Windsor
13%
19,495 Arvin
12%
17,590 Coalinga
12%
15,358 Discovery Bay
12%
13,150 Grand Terrace
12%
14,016 Grass Valley
12%
35,033 La Presa
12%
10,625 Rossmoor
12%
12,224 Scotts Valley
12%
16,728 Susanville
12%
21,738 Yucca Valley
12%
16,685 Clearlake
11%
11,373 Marina del Rey
11%
12,844 Marysville
11%
16,262 McKinleyville
11%
23,510 Rosemont
11%
19,855 South San Jose Hills
11%
56,415 South Whittier
11%
15,714 Vincent
11%
24,347 West Rancho Dominguez
11%
16,595 Olivehurst
10%
21,858 Rancho San Diego
10%
24,865 Riverbank
10%
48,733 Antelope
9%
13,317 Avocado Heights
9%
32,512 Desert Hot Springs
9%
11,203 Home Gardens
9%
20,323 Lennox
9%
10,719 Muscoy
9%
49,327 North Highlands
9%
29,518 Suisun City
9%
43,935 Vineyard
9%
24,295 Willowbrook
9%
22,380 Winter Gardens
9%
23,896 Bay Point
8%
18,881 Cameron Park
8%
11,341 Fairview
8%
12,516 Fortuna
8%
26,170 Ladera Ranch
8%
38,062 La Puente
8%
17,038 Live Oak
8%
16,870 Moraga
8%
15,944 Rio Linda
8%
12,830 San Anselmo
8%
16,194 Valle Vista
8%
12,042 Alum Rock
7%
19,432 East Hemet
7%
50,547 El Dorado Hills
7%
32,267 Fallbrook
7%
35,280 French Valley
7%
14,149 Hawaiian Gardens
7%
11,252 La Riviera
7%
19,819 Mead Valley
7%
12,595 Mendota
7%
24,499 Mountain House
7%
18,639 Rosedale
7%
22,959 West Puente Valley
7%
25,325 West Whittier-Los Nietos
7%
19,576 Casa de Oro-Mount Helix
6%
18,937 Castaic
6%
21,247 Granite Bay
6%
12,701 Grover Beach
6%
19,997 La Crescenta-Montrose
6%
15,581 La Palma
6%
26,232 Temescal Valley
6%
11,709 Winton
6%
15,378 Woodcrest
6%
11,082 Canyon Lake
5%
15,808 Cherryland
5%
10,777 Country Club
5%
11,345 Diamond Springs
5%
11,398 Garden Acres
5%
12,401 Lake Arrowhead
5%
12,364 Lakeland Village
5%
21,654 Linda
5%
14,465 Los Osos
5%
14,027 North Fair Oaks
5%
15,962 Parkway
5%
20,178 Stevenson Ranch
5%
12,345 Sun Village
5%
10,087 Valley Center
5%
12,468 Camp Pendleton South
4%
14,710 Coto de Caza
4%
10,338 Del Aire
4%
15,114 East Rancho Dominguez
4%
18,885 Prunedale
4%
10,005 Rio Vista
4%
15,214 Walnut Park
4%
10,222 Corte Madera
3%
11,650 Crestline
3%
10,397 Farmersville
3%
35,834 Foothill Farms
3%
13,187 Lake Los Angeles
3%
13,898 Oak Parks
3%
14,576 Parlier
3%
13,859 Phelan
3%
11,492 Tamalpais-Homestead Valley
3%
11,419 View Park-Windsor Hills
3%
10,395 San Diego Country Estates
2%
No matching quizzes found
Score Distribution
Percent of People with Each Score
Percentile by Number Answered
Your Score History
You have not taken this quiz